000 00829nam a2200253Ia 4500
003 OSt
005 20220926012309.0
006 a|||||r|||| 00| 0
007 ta
008 220923b |||||||| |||| 00| 0 eng d
020 _a0521373751
_c3288.48
037 _b43312, 20/02/2015, Segment Book Distrobutors
_cGeneral Book
040 _aRTL
_cRTL
_beng
041 _2eng
_aeng
082 _aY7934:414, M9
100 _aBRUNTON Ron
_9316055
245 0 _aAbondoned narcotic
_b Kava and cultural instability in Malanesia
260 _aNew York
_bCambridge University Press
_c1989
300 _aviii,219p.
_ccm.
500 _aBibliography: P 477-502
650 _aSociology
942 _hY7934:414, M9
_cGB
_2CC
999 _c622422
_d622422